| 000 | 00681nam a22002291 4500 | ||
|---|---|---|---|
| 001 | bimo0001177233 | ||
| 003 | OSt | ||
| 005 | 20140830213002.0 | ||
| 008 | 930725s1969 sp spa | ||
| 035 | _a(OCoLC)432632872 | ||
| 040 |
_aSpMaBN _cBMC |
||
| 082 | _a920 Alejandro I | ||
| 100 |
_913 _aMerejkovsky, Dmitry Sergeyevich _d1865-1941 |
||
| 245 | 1 | 3 |
_aEl fin de Alejandro I _cDimitri Merejkovsky ; [traducción de J. Zalamea] |
| 250 | _a3ª ed | ||
| 260 | 0 |
_aMadrid _bEspasa-Calpe _c1969 |
|
| 300 |
_a224 p. _c18 cm |
||
| 490 | 0 |
_aAustral _v764 |
|
| 600 |
_9501 _aAlejandro I _cEmperador de Rusia _d1777-1825 |
||
| 700 |
_9518 _aZalamea, Jorge _d1905-1969 |
||
| 942 |
_2ddc _cBK |
||
| 999 |
_c437 _d437 |
||